UBT Library

Principles of global security / (Record no. 181)

000 -LEADER
fixed length control field 00921cam a2200217 a 4500
005 - DATE AND TIME OF LATEST TRANSACTION
control field 20131028104813.0
008 - FIXED-LENGTH DATA ELEMENTS--GENERAL INFORMATION
fixed length control field 991214s2000 dcu 001 0 eng
020 ## - INTERNATIONAL STANDARD BOOK NUMBER
International Standard Book Number 0815780966
020 ## - INTERNATIONAL STANDARD BOOK NUMBER
International Standard Book Number 0815780958
080 ## - UNIVERSAL DECIMAL CLASSIFICATION NUMBER
Universal Decimal Classification number 327
100 1# - Rafti
Rafti Steinbruner, John D.,
100 1# - Rafti
-- 1941-
245 10 - TITLE STATEMENT
Title Principles of global security /
Statement of responsibility, etc John D. Steinbruner.
260 ## -
-- Washington, D.C. :
-- Brookings Institution Press,
-- c2000.
300 ## -
-- xi, 270 p. ;
-- 24 cm.
500 ## -
-- Includes index.
500 ## -
-- Foreword : f. VII-IX
650 #0 -
-- Siguria
650 #0 -
-- Marrëdhëniet ekonomike ndërkombëtare
942 ## - ADDED ENTRY ELEMENTS (KOHA)
Source of classification or shelving scheme
Item type Books
Holdings
Withdrawn status Lost status Source of classification or shelving scheme Damaged status Not for loan Collection code Permanent location Current location Shelving location Date acquired Total Checkouts Full call number Barcode Date last seen Price effective from Koha item type
          Koleksioni i përgjithshem UBT - Prishtine UBT - Prishtine Koleksioni i përgjithshem 10/28/2013   327 STE 001-000196 10/28/2013 10/28/2013 Books
UBT Library © 2015-2024. All rights reserved University Education for Business and Technology